Pays les plus proches de Russie - Statistiques

Statistiques générales
  • Ce quiz a été pris 662 fois
  • Le résultat moyen est 17 sur 20
Statistiques - réponses
km pays % Correct
0 Chine
97%
0 Ukraine
95%
0 Biélorussie
93%
0 Estonie
93%
0 Finlande
92%
0 Lettonie
92%
0 Lituanie
92%
0 Mongolie
92%
0 Kazakhstan
90%
0 Corée du Nord
88%
0 Pologne
87%
0 Géorgie
85%
0 Norvège
82%
0 Azerbaïdjan
81%
110 Arménie
80%
43 Japon
77%
208 Suède
77%
136 Turquie
74%
4 Etats-Unis
62%
165 Iran
52%
Aucun quiz correspondant
Distribution des résultats
% des personnes avec chaque résultat
Percentile par nombre de réponses
Votre historique - résultats
Vous n’avez pas pris ce quiz